Purpose: Digital Transformation of Individuals Organizations and Societies (Record no. 46459)

MARC details
000 -LEADER
fixed length control field 00497nam a22001697a 4500
005 - DATE AND TIME OF LATEST TRANSACTION
control field 20250812115116.0
008 - FIXED-LENGTH DATA ELEMENTS--GENERAL INFORMATION
fixed length control field 250812b |||||||| |||| 00| 0 eng d
020 ## - INTERNATIONAL STANDARD BOOK NUMBER
International Standard Book Number 9780143470076
041 ## - LANGUAGE CODE
Language code of text/sound track or separate title Eng
082 ## - DEWEY DECIMAL CLASSIFICATION NUMBER
Classification number 658.4063 SET
100 ## - MAIN ENTRY--PERSONAL NAME
Author Setia, Pankaj
245 ## - TITLE STATEMENT
Title Purpose: Digital Transformation of Individuals Organizations and Societies
260 ## - PUBLICATION, DISTRIBUTION, ETC.
Place Gurugram
Publisher Penguin Business
Publication Year 2024
300 ## - PHYSICAL DESCRIPTION
Extent 330;. p 22 cm
650 ## - SUBJECT ADDED ENTRY--TOPICAL TERM
Subject Digital Transformation; Operations Management
942 ## - ADDED ENTRY ELEMENTS (KOHA)
Koha item type Books
Holdings
Withdrawn status Lost status Source of classification or shelving scheme Damaged status Not for loan Home library Current library Shelving location Accession Date Vendor Price Bill number Total Checkouts Full call number Barcode No Date due Date last seen Date last checked out Bill Date Koha item type Suggested By
    Dewey Decimal Classification     IMTN IMTN Rack 31-B 08/11/2025 Amazon.in 334.00 BLR7-2825674 1 658.4063 SET 33929 02/16/2026 08/20/2025 08/20/2025 07/24/2025 Books Faculty Purchase by Dr. R. K. Jena
Designed & Maintained by: LRC IMT Nagpur Contact: lrc@imtnag.ac.in© 2024. All Rights Reserved.